000 00730cam a22002293a 4500
001 38473
003 PGUSA
005 20140828083841.0
008 120102s2012||||xxu|||||s|||||000 | eng d
040 _aPGUSA
_beng
042 _adc
100 1 _aTopelius, Zacharias,
_d1818-1898
245 1 0 _aTalvi-iltain tarinoita 2 :
_bVisentti Aallonhalkoja. Aulangon pastorinvaali. Mirabeau täti.
_h[electronic resource] /
_cZacharias Topelius
260 _bProject Gutenberg,
_c2012
506 _aPublic domain in the USA.
516 _aElectronic text
700 1 _aJäämaa, Ilmari
700 1 _aSuppanen, Aatto,
_d1855-1898
830 0 _aProject Gutenberg
_v38473
856 4 0 _uhttp://www.gutenberg.org/ebooks/38473
942 _cEB
999 _c267727
_d267727